00953nam a22002175i 450000100060000000300090000600500170001500700030003200800410003504000270007610000470010324500570015026000870020730000290029450000870032360000550041085201070046594200190057299900170059195201270060854480ES-MaACL20250704063112.0t|960806e1874 fr ||||1| fre d aCLM bspa cCCPB | SIC1 aFouillée, Alfred,d1838-1912eaut95193913aLa philosophie de Socrate / cpar Alfred Fouillée. aParis : bLibrairie Philosophique de Ladrange, c1874f(Imp. Simon Racon et Comp.) a2 volúmenes ; c23 cm. aEn port. : Ouvrage couronné par l'Académie des Sciences Morales et Politiques.14aSócrates-xCrítica e interpretación.9107014 aES-MaACLcSVIgFirma autógrafa de Antonio Aura BoronathDonativo de Antonio Aura BoronatjD-4948-49  2udccMONANTn0 c54480d54480 00102udc40708LIBXIXaATENEOMbATENEOMcSVId2008-01-17eDONACIONl0oD-4948-49p901057249r2023-02-23 00:00:00yMONANT